| 000 | 00374nam a2200145Ia 4500 | ||
|---|---|---|---|
| 008 | 230917s9999||||xx |||||||||||||| ||und|| | ||
| 040 |
_e214662 _aMAIN |
||
| 041 | _aEnglish | ||
| 082 | _a519.2 R23I(2) | ||
| 100 | _aRohatgi, Vijay K | ||
| 245 | 0 | _aIntroduction to probability and statistics | |
| 250 | _a2nd. ed. | ||
| 260 |
_aNew Delhi _bWiley india _c2013 |
||
| 942 | _cBK | ||
| 999 |
_c177152 _d177152 |
||